<?xml version="1.0" encoding="UTF-8"?>
<record
    xmlns:xsi="http://www.w3.org/2001/XMLSchema-instance"
    xsi:schemaLocation="http://www.loc.gov/MARC21/slim http://www.loc.gov/standards/marcxml/schema/MARC21slim.xsd"
    xmlns="http://www.loc.gov/MARC21/slim">

  <leader>01697    a2200241   4500</leader>
  <controlfield tag="001">22212</controlfield>
  <controlfield tag="005">20260407155511.0</controlfield>
  <controlfield tag="008">260407a1996    arg                 spa d</controlfield>
  <controlfield tag="003">AR-UNSa-BCEJYS</controlfield>
  <datafield tag="040" ind1=" " ind2=" ">
    <subfield code="a">AR-UNSa-BCEJYS</subfield>
    <subfield code="b">spa</subfield>
    <subfield code="c">AR-UNSa-BCEJYS</subfield>
  </datafield>
  <datafield tag="080" ind1=" " ind2=" ">
    <subfield code="a">37.012</subfield>
    <subfield code="x">M&#xE9;todos de investigaciones educativas. M&#xE9;todos de observaci&#xF3;n en pedagog&#xED;a </subfield>
  </datafield>
  <datafield tag="245" ind1="1" ind2="0">
    <subfield code="a">El cambio educativo desde la investigaci&#xF3;n-acci&#xF3;n</subfield>
  </datafield>
  <datafield tag="020" ind1=" " ind2=" ">
    <subfield code="a">84-7112-383-5</subfield>
  </datafield>
  <datafield tag="250" ind1=" " ind2=" ">
    <subfield code="a">2a. ed</subfield>
  </datafield>
  <datafield tag="264" ind1=" " ind2="1">
    <subfield code="a">Madrid :</subfield>
    <subfield code="b">Morata</subfield>
    <subfield code="c">1996</subfield>
  </datafield>
  <datafield tag="300" ind1=" " ind2=" ">
    <subfield code="a">190 p.</subfield>
    <subfield code="c">24 cm.</subfield>
  </datafield>
  <datafield tag="505" ind1=" " ind2=" ">
    <subfield code="a">Parte I: La investigaci&#xF3;n-acci&#xF3;n y el aprendizaje profesional : 1. Los profesores como investigadores:contextos hist&#xF3;ricos y biogr&#xE1;ficos - 2. La investigaci&#xF3;n - acci&#xF3;n como medio de apoyo al aprendizaje profesional: tres estudios de casos - Parte II: La investigaci&#xF3;n - acci&#xF3;n : dilemas e innovaciones: 3. El probelma de la teor&#xED;a y la pr&#xE1;ctica - 4. Las caracter&#xED;sticas fundamentales de la investigaci&#xF3;n - acci&#xF3;n - 5. Los dilemas y tentaciones del pr&#xE1;ctico reflexivo - 6. Gu&#xED;a pr&#xE1;ctica para la investigaci&#xF3;n -acci&#xF3;n - Parte III : La investigaci&#xF3;n - acci&#xF3;n en los contextos normativos: 7. La investigaci&#xF3;n - acci&#xF3;n y el comienzo de la evaluaci&#xF3;n del profesorado en el Reino Unido - 8. La formaci&#xF3;n basada en la competencia y la ense&#xF1;anza profesional:&#xBF;Es posible un matrimonio feliz? - 9. El curriculum nacional y los modelos de desarrollo del curriculum.</subfield>
  </datafield>
  <datafield tag="942" ind1=" " ind2=" ">
    <subfield code="c">BK</subfield>
  </datafield>
  <datafield tag="590" ind1=" " ind2=" ">
    <subfield code="a">niveau_biblio:m niveau_hierar:0</subfield>
  </datafield>
  <datafield tag="100" ind1="1" ind2=" ">
    <subfield code="a">Elliot, John</subfield>
  </datafield>
  <datafield tag="700" ind1="1" ind2=" ">
    <subfield code="a">Manzano, Pablo</subfield>
  </datafield>
  <datafield tag="856" ind1="4" ind2="1">
    <subfield code="u">https://biblioeco.unsa.edu.ar/pmb/images/libros/El Cambio Educativo desde la Investigacion-accion.jpg</subfield>
    <subfield code="y">Imagen de portada</subfield>
    <subfield code="q">image/jpeg</subfield>
  </datafield>
  <datafield tag="999" ind1=" " ind2=" ">
    <subfield code="c">932</subfield>
    <subfield code="d">932</subfield>
  </datafield>
  <datafield tag="952" ind1=" " ind2=" ">
    <subfield code="0">0</subfield>
    <subfield code="1">0</subfield>
    <subfield code="4">0</subfield>
    <subfield code="7">0</subfield>
    <subfield code="a">BCEJYS</subfield>
    <subfield code="b">BCEJYS</subfield>
    <subfield code="c">16</subfield>
    <subfield code="d">2026-04-07</subfield>
    <subfield code="l">0</subfield>
    <subfield code="o">37.012 E46 2ed.</subfield>
    <subfield code="p">L69928</subfield>
    <subfield code="r">2026-04-07 15:55:11</subfield>
    <subfield code="w">2026-04-07</subfield>
    <subfield code="y">L</subfield>
  </datafield>
</record>
